000 00279nam a2200109Ia 4500
008 200302s9999 xx 000 0 und d
100 _aDrew Plunket
245 _aConstruction and Detailing for Inerior Design
260 _bLaurence King Publishing
260 _c2010
300 _a192
999 _c3366
_d3366